| 000 | 00400nam a2200145Ia 4500 | ||
|---|---|---|---|
| 008 | 220120s9999||||xx |||||||||||||| ||und|| | ||
| 020 | _a9780070702530 | ||
| 082 | _a620.001 COO | ||
| 100 | _aCook, Robert D and Others | ||
| 245 | 0 | _aConcepts and Applicaions of Finite Elements Analysis | |
| 250 | _a4th | ||
| 260 |
_aWiley india _bNew delhi _c2012 |
||
| 300 |
_axvi;798 _b395 |
||
| 650 | _aMECHANICAL | ||
| 999 |
_c132587 _d132587 |
||